|
|
|
|
| LEADER |
00000cam a22000004a 4500 |
| 001 |
musev2_77940 |
| 003 |
MdBmJHUP |
| 005 |
20230905052037.0 |
| 006 |
m o d |
| 007 |
cr||||||||nn|n |
| 008 |
910813s1991 enk o 00 0 eng d |
| 010 |
|
|
|z 88029326
|
| 020 |
|
|
|a 9780691219684
|
| 020 |
|
|
|z 9780691023397
|
| 020 |
|
|
|z 9780691078052
|
| 035 |
|
|
|a (OCoLC)1273427497
|
| 040 |
|
|
|a MdBmJHUP
|c MdBmJHUP
|
| 100 |
1 |
|
|a Berkowitz, Bernard.
|
| 245 |
1 |
0 |
|a Strategic Intelligence for American National Security :
|b Updated Edition /
|c Bruce D. Berkowitz and Allan E. Goodman.
|
| 264 |
|
1 |
|a Oxford :
|b Princeton University Press,
|c 1991, 1989.
|
| 264 |
|
3 |
|a Baltimore, Md. :
|b Project MUSE,
|c 2021
|
| 264 |
|
4 |
|c ©1991, 1989.
|
| 300 |
|
|
|a 1 online resource:
|b illustrations ;
|
| 336 |
|
|
|a text
|b txt
|2 rdacontent
|
| 337 |
|
|
|a computer
|b c
|2 rdamedia
|
| 338 |
|
|
|a online resource
|b cr
|2 rdacarrier
|
| 500 |
|
|
|a Includes index.
|
| 500 |
|
|
|a "Third printing with afterword for the Princeton paperback edition"; afterword entitled: Afterword to the second edition.
|
| 588 |
|
|
|a Description based on print version record.
|
| 650 |
|
7 |
|a National security.
|2 fast
|0 (OCoLC)fst01033711
|
| 650 |
|
7 |
|a Intelligence service.
|2 fast
|0 (OCoLC)fst00975848
|
| 650 |
|
0 |
|a National security
|z United States.
|
| 650 |
|
0 |
|a Intelligence service
|z United States.
|
| 651 |
|
7 |
|a United States.
|2 fast
|0 (OCoLC)fst01204155
|
| 655 |
|
7 |
|a Electronic books.
|2 local
|
| 700 |
1 |
|
|a Goodman, Allan E.,
|d 1944-
|
| 710 |
2 |
|
|a Project Muse.
|e distributor
|
| 830 |
|
0 |
|a Book collections on Project MUSE.
|
| 856 |
4 |
0 |
|z Texto completo
|u https://projectmuse.uam.elogim.com/book/77940/
|
| 945 |
|
|
|a Project MUSE - Custom Collection
|